LEADER 00819nam0-22003131--450- 001 990008839410403321 005 20090415095228.0 010 $a1-85728-173-X 035 $a000883941 035 $aFED01000883941 035 $a(Aleph)000883941FED01 035 $a000883941 100 $a20090415d1994----km-y0itay50------ba 101 0 $aeng 102 $aGB 105 $ay-------001yy 200 1 $aEuropean warfare$e1660-1815$fJeremy Black 210 $aLondon$cUCL press$d1994 215 $aX, 276 p.$cill.$d24 cm 225 1 $aWalfare and History 676 $a327.4$v19$zita 700 1$aBlack,$bJeremy$0144601 801 0$aIT$bUNINA$gRICA$2UNIMARC 901 $aBK 912 $a990008839410403321 952 $aSDI-KG 1585$b3914$fSDI 959 $aSDI 996 $aEuropean warfare$9805051 997 $aUNINA LEADER 00941cam0-2200325---450- 001 990004900040403321 005 20090716163905.0 035 $a000490004 035 $aFED01000490004 035 $a(Aleph)000490004FED01 035 $a000490004 100 $a19990604g19669999km-y0itay50------ba 101 0 $aeng 102 $aGB$aFR 105 $aa-------001yy 200 1 $aTemporal sequence in the perception of speech$fby Warren H. Fay 210 $aThe Hague [etc.]$cMouton$d1966 215 $a126 p., [1] tav.$cill.$d22 cm 225 1 $aJanua linguarum$iSeries minor$v45 610 0 $aLinguaggio$aPercezione 676 $a153.7 676 $a152.15 700 1$aFay,$bWarren H.$0196278 801 0$aIT$bUNINA$gRICA$2UNIMARC 901 $aBK 912 $a990004900040403321 952 $aP.1 PSI 908$bFil. Mod. 18940$fFLFBC 959 $aFLFBC 996 $aTemporal sequence in the perception of speech$9524376 997 $aUNINA